Constructions and combinatorial problems in design of experiments / (Record no. 8526)
[ view plain ]
| 000 -LEADER | |
|---|---|
| fixed length control field | 00835cam a2200277 4500 |
| 001 - CONTROL NUMBER | |
| control field | 8526 |
| 003 - CONTROL NUMBER IDENTIFIER | |
| rucl marc code | BD-RjUL |
| 005 - DATE AND TIME OF LATEST TRANSACTION | |
| control field | 20211208234614.0 |
| 008 - FIXED-LENGTH DATA ELEMENTS--GENERAL INFORMATION | |
| fixed length control field | 140118s1971 nyu b 001 0 eng d |
| 020 ## - INTERNATIONAL STANDARD BOOK NUMBER | |
| International Standard Book Number | 0471704857 |
| 035 ## - SYSTEM CONTROL NUMBER | |
| System control number | (BD-RjUL)8571 |
| 040 ## - CATALOGING SOURCE | |
| Original cataloging agency | DLC |
| Transcribing agency | DLC |
| Modifying agency | DLC |
| -- | (BD-RjUL) |
| Language of cataloging | eng |
| 041 ## - LANGUAGE CODE | |
| Language code of text/sound track or separate title | eng |
| 082 00 - DEWEY DECIMAL CLASSIFICATION NUMBER | |
| Classification number | 511.6 |
| Author mark and year | RAC |
| 100 1# - MAIN ENTRY--PERSONAL NAME | |
| Personal name | Raghavarao, Damaraju. |
| 9 (RLIN) | 26548 |
| 245 10 - TITLE STATEMENT | |
| Title | Constructions and combinatorial problems in design of experiments / |
| Statement of responsibility, etc. | Raghavarao, Damaraju. |
| 260 ## - PUBLICATION, DISTRIBUTION, ETC. (IMPRINT) | |
| Place of publication, distribution, etc. | New York, |
| Name of publisher, distributor, etc. | Wiley |
| Date of publication, distribution, etc. | [1971] |
| 300 ## - PHYSICAL DESCRIPTION | |
| Pagination | xv, 386 p. ; |
| Size | 24 cm. |
| 490 0# - SERIES STATEMENT | |
| Series statement | A Wiley publication in mathematical statistics |
| 504 ## - BIBLIOGRAPHY, ETC. NOTE | |
| Bibliography, etc | Includes bibliography and Index |
| 650 #0 - SUBJECT ADDED ENTRY--TOPICAL TERM | |
| Topical term or geographic name as entry element | Experimental design. |
| 9 (RLIN) | 26549 |
| Topical term or geographic name as entry element | Combinatorial analysis. |
| 9 (RLIN) | 26550 |
| 942 ## - ADDED ENTRY ELEMENTS (KOHA) | |
| Source of classification or shelving scheme | Dewey Decimal Classification |
| Koha item type | Books |
| Lost status | Source of classification or shelving scheme | Damaged status | Not for loan | Collection code | Permanent Location | Current Location | Shelving location | Date acquired | Source of acquisition | Cost, normal purchase price | Total Checkouts | Full call number | Date last seen | Copy number | Koha item type |
|---|---|---|---|---|---|---|---|---|---|---|---|---|---|---|---|
| Dewey Decimal Classification | Non-fiction | Central Library, University of Rajshahi | Central Library, University of Rajshahi | 29/05/1974 | National book agency | 192.50 | 511.6 RAC 1971 | 18/01/2014 | C-2 | Books | |||||
| Dewey Decimal Classification | Non-fiction | Central Library, University of Rajshahi | Central Library, University of Rajshahi | 29/05/1974 | National book agency | 192.50 | 511.6 RAC 1971 | 04/09/2016 | C-3 | Books |